000 01279cam a2200313 4500
999 _c3957
_d3957
001 2203979
003 OSt
005 20200113160552.0
008 720105s1971 ii k 001 0 eng
010 _a 73925031
040 _aDLC
_cDLC
_dDLC
043 _aa-ii---
050 0 0 _aKNS956.A311956
_bR36 1971
082 0 0 _a346.54066
_bRAM/G
110 1 _aIndia (Republic).
_kLaws, statutes, etc.
245 1 0 _aGuide to the Companies act (act I of 1956, amended upto date) :
_bwith full notes and comments, case-law references, rules, and forms of the Central Government, etc., etc. /
_cby A. Ramaiya.
250 _a6th ed., rev.
260 _aMadras,
_bMadras Law Journal Office,
_c1971.
300 _alvi, 1242 p. :
_bforms ;
_c25 cm.
350 _aRs50.00
500 _aEarlier editions published under title: The Companies act, 1956.
500 _aBeginning with the 7th ed. published in 1975 entered under Ramaiya, Arunachala.
650 0 _aCorporation law
_zIndia.
700 1 _aRamaiya, Arunachala,
_d1894-
_91163
710 1 _aIndia (Republic).
_kLaws, statutes, etc.
_tCompanies act, 1956.
906 _a7
_bcbc
_corignew
_d3
_encip
_f19
_gy-gencatlg
942 _2ddc
_cBK
_h346.54066
_iRAM/G
_k346.54066
_mRAM/G